000 00461nam a2200169Ia 4500
008 230917s9999||||xx |||||||||||||| ||und||
020 _cRS429
040 _e256318
_aMAIN
041 _aEnglish
082 _a005.133 A34D
100 _aAven, Jeffrey
245 0 _aData analytics with spark using python
260 _aNoida
_bPearson India Education
_c2019
300 _ax, 306 p.
500 _a3598 10/09/2019 HBD19/7861 20/07/2019 Main Budget
942 _cBK
999 _c32677
_d32677